000 00343nam a22001457a 4500
008 230907b ||||| |||| 00| 0 eng d
020 _a7688161
041 _aeng
080 _a101
082 _a101SAY
100 _a44
101 _aFILOZ
245 _aCONSCIOUSNESS A PHILOSOPHIC STUDY OF MINDS AND MACHINES
_cSAYRE.M.K
942 _2udc
_cBK
999 _c60297
_d60297